Quiz quatrième Révolution et Empire - Statistiques

Statistiques générales
  • Ce quiz a été pris 57 fois
  • Le résultat moyen est 9 sur 14
Statistiques - réponses
Hint Réponse % Correct
En quelle année la Révolution débute-elle ? 1789
97%
Les députés se réunissent pour faire un serment dans une salle utilisé habituellement pour un sport. Quel est le nom de ce sport ? jeu de paume
83%
Le 14 juillet 1789, cet édifice, symbole de l'absolutisme est pris. bastille
80%
Quel marquis a aidé les indépendantiste américain pour vaincre les anglais ? La Fayette
77%
Comment s'appelle la période de trouble, marquée par un usage constant de la Guillotine qui démarre en 1793 ? Terreur
77%
Après avoir été premier consul, puis consul à vie, que devient Napoléon ? empereur
70%
On vote leur abolition la nuit du 4 août 1789 privilèges
70%
Qu'est ce qu'organise Napoléon en le 18 brumaire de l'an VIII coup d'état
67%
Qu'est ce que le ministre Necker veut-il faire payer à la noblesse ? impôt
60%
Quelle campagne de Napoléon est-elle restée célèbre, en raison de l'importance de son échec ? russie
53%
Quelle personnage féministe est connue pour avoir rédigée la déclaration des droits de la femme et de la citoyenne ? Olympe de Gouges
50%
En quelle année le territoire de l'empire est-il a son étendue maximale ? 1811
47%
Que proclament les députés du tiers-états le 17 juin 1789 ? assemblée nationale
33%
Quand la république est-elle créée ? 21 septembre 1792
23%
Aucun quiz correspondant
Distribution des résultats
% des personnes avec chaque résultat
Percentile par nombre de réponses
Votre historique - résultats
Vous n’avez pas pris ce quiz